01192nam a22002177a 450000500170000000800410001702000180005804000270007604100080010304400070011108200170011810000290013524501330016426001080029730000190040550000310042450503570045565000540081265000540086665000540092020160209020003.0120217s2012 ck bo r 00010 spa d a9789584600943 aCO-BoIAVH cCO-BoIAVH 0 aspa ack04a597.9 bC35d1 aCastro-Herrera, Fernando10aDiversidad de anfibios y reptiles del Parque Nacional Natural Isla Gorgona - Colombia / cFernando Castro Herrera autor y editor aBogotáaSantiago de Cali, Valle, ColombiabUniversidad del Valle, Laboratorio de Herpetologíac2012 a112 p.c22 cm. aIncluye tabla de contenido0 aEl autor del libro realiza actualización de la herpetofauna de tierra o bosques de la Isla Gorgona (no hace referencia a la zona marítima por no estar dentro del alcance del trabajo). Dedica su atención a medio centenar de especies, con sus riesgos actuales, su presencia y estado de conocimiento y a advertir sobre su estado de conservación. 4aAnfibiosx Taxonomíaz Gorgona (Isla, Colombia) 4aReptilesx Taxonomíaz Gorgona (Isla, Colombia) 4aDiversidad biológicaz Gorgona (Isla, Colombia)